000 00430nam a2200193Ia 4500
005 20240823035158.0
008 240823s9999||||xx |||||||||||||| ||und||
020 _a978-1-4447-7696-6
041 _aENGLISH
082 _A823.914 P6
100 _aErich Segal
245 0 _aLove Story
250 _a1st
260 _c2006
_bHhachette
500 _aISSUED
650 _aLove Story
_bGeneral
942 _cBK
999 _c200064
_d200064